| 000 | 00553nam a2200181 a 4500 | ||
|---|---|---|---|
| 005 | 20140412111253.0 | ||
| 008 | 000818s19uu xx 00 eng d | ||
| 020 | _a0-590-06693-5 | ||
| 050 |
_aTR(PS E _bFr92Go 1996 |
||
| 100 | _aLondon, Jonathan | ||
| 245 |
_aFroggy goes to school / _cby Jonathan London ; illustrated by Frank Remkiewicz. |
||
| 260 |
_aNew York: _bScholastic Inc, _c1996. |
||
| 300 | _a1 v. (unp.) ; ill. | ||
| 520 | _aWhat will Froggy learn at school? | ||
| 650 | _aSchools-Fiction | ||
| 650 | _aFrogs-Fiction | ||
| 999 |
_c103200 _d103200 |
||